| 000 | 00401nam a2200145Ia 4500 | ||
|---|---|---|---|
| 008 | 231011s9999 xx 000 0 und d | ||
| 041 | _aeng | ||
| 082 | _a336 | ||
| 100 | _aEssvale Corporation Ltd. | ||
| 245 | _aBusiness Knowledge for IT in Private Wealth Management | ||
| 250 | _a1st | ||
| 260 |
_bShroff Publishers & Distributers Navi Mumbai Navi Mumbai _c2011 |
||
| 300 | _a274 | ||
| 365 | _b400 | ||
| 999 |
_c908237 _d908237 |
||